01011nam a2200205 a 450000100100000000500170001000800410002702000180006804000250008610000390011124501140015026000440026430000360030850000780034470000390042295201110046195201110057295201050068399900170078800003791320201002031133.0130308s2012 dr ac 000 0 spa d a9789945885316 aDO-SdBNPbspacBNPHU1 aBrea Montero, Carmen Alicia96435210aCostumbres y tradiciones de San Juan de la Maguana /cCarmen Alicia Brea Montero, Dilcia Medina Encarnacón. aSanto Domingo :bEditora Búho,c2012. a133 p. :bil., retrs. ;c23 cm. aIncluye datos biográficos de la autora en la solapa de la contraportada1 aMedina Encarnacón, Dilcia964353 0010718DSaGRbGRcCTd2013-03-08iLF1l0o p37913-30r2020-06-25te. 3w2020-06-25yLFDSZNo se presta 0010718PDaPDbPDcCTd2013-03-08iLF1l0o p37913-10r2020-06-25te. 2w2020-06-25yLFPDZNo se presta 0010718PDaPDbPDcCTd2013-03-08iLF1l0o p37913-20r2020-06-25w2020-06-25yLFPDZNo se presta c37403d37403